Normal view
MARC view
- اللغة العربية-عروض
Entry Topical Term
001 - CONTROL NUMBER
- control field: 26906
003 - CONTROL NUMBER IDENTIFIER
- control field: JO-AjAnu
005 - DATE AND TIME OF LATEST TRANSACTION
- control field: 20230606074558.0
008 - FIXED-LENGTH DATA ELEMENTS
- fixed length control field: 230606|| aca||aabn | a|a d
040 ## - CATALOGING SOURCE
- Original cataloging agency: JO-AjAnu
- Transcribing agency: JO-AjAnu
150 ## - HEADING--TOPICAL TERM
- Topical term or geographic name entry element: اللغة العربية-عروض
670 ## - SOURCE DATA FOUND
- Source citation: Work cat.: (JO-AjAnu)13822: تاليف الهاشمي،السيد أحمد, author 26905, ميزان الذهب في صناعة شعر العرب